Κατάλογος Βιβλιοθηκών Mediterranean College

Εκπαίδευση - Ανάπτυξη Ανθρώπινου Δυναμικού της Εταιρίας ΑΡΗΤΗ. (Record no. 8600)

MARC details
000 -LEADER
fixed length control field 02207cam a22001934a 4500
005 - ΗΜΕΡΟΜΗΝΙΑ ΚΑΙ ΩΡΑ ΤΕΛΕΥΤΑΙΑΣ ΕΝΗΜΕΡΩΣΗΣ
Πεδίο ελέγχου 20250605164341.0
008 - FIXED-LENGTH DATA ELEMENTS--GENERAL INFORMATION
Πεδίο ελέγχου σταθερού μήκους 250528s ||||||||||||||||||||||||d
035 ## - SYSTEM CONTROL NUMBER
System control number 23600
040 ## - ΠΗΓΗ ΚΑΤΑΛΟΓΟΓΡΑΦΗΣΗΣ
Φορέας πρωτότυπης καταλογογράφησης MC Athens Campus Library
Γλώσσα καταλογογράφησης Ελληνικά, Μοντέρνα (1453-)
Modifying agency MC Athens Campus Library
Κανόνες περιγραφικής καταλογογράφησης AACR2
245 1# - ΤΙΤΛΟΣ ΚΑΙ ΔΗΛΩΣΗ ΥΠΕΥΘΥΝΟΤΗΤΑΣ
Τίτλος Εκπαίδευση - Ανάπτυξη Ανθρώπινου Δυναμικού της Εταιρίας ΑΡΗΤΗ.
260 ## - PUBLICATION, DISTRIBUTION, ETC.
Date of publication, distribution, etc. 2015
300 ## - PHYSICAL DESCRIPTION
Extent 65
520 ## - SUMMARY, ETC.
Summary, etc. Εισαγωγή, Εκπαίδευση, η Εκπαίδευση στις Ελληνικές Επιχειρήσεις Σήμερα, Μέθοδοι Εκπαίδευσης Προσωπικού, Πλεονεκτήματα - Οφέλη Εκπαίδευσης Προσωπικού, Αιτίες Αναγκαιότητα Εκπαίδευσης Προσωπικού, Ενδείξεις που Οδηγούν την Ομάδα Υπεύθυνη για Εκπαιδευτικά Προγράμματα στην Πραγματοποίηση Αυτών, Στόχοι και Τομείς Εκπαίδευσης Προσωπικού, Εκτίμηση - Μέθοδοι - Στάδια Εκπαιδευτικών Αναγκών, Αξιολόγηση Εκπαίδευσης, Διαφορές Εκπαίδευσης και Ανάπτυξης, Μέθοδοι Ανάπτυξης Ανθρωπίνων Πόρων, Μέθοδοι Ανάπτυξης και Εκπαίδευσης Στελεχών εκτός Θέσης Εργασίας, Διοίκηση Ανθρώπινου Δυναμικού, Σημασία - Περιεχόμενο - Στόχοι της ΔΑΠ στις Σύγχρονες Ελληνικές Επιχειρήσεις, Εταιρία ΑΡΗΤΗ, Θέματα Δεοντολογίας και Ηθικά Ζητήματα, Μέθοδοι Συλλογής Δεδομένων, Κριτήρια Επιλογής Προσωπικής Μεθόδου, Ποιοτική - Ποσοτική Έρευνα Ερωτηματολογίων, Αποτελέσματα Ερωτηματολογίων, Συμπεράσματα, Προτάσεις, Βιβλιογραφία.
700 1# - ΠΡΟΣΘΕΤΗ ΑΝΑΓΡΑΦΗ--ΦΥΣΙΚΟ ΠΡΟΣΩΠΟ
Personal name Κάτρης Παναγιώτης
9 (RLIN) 9189
700 1# - ΠΡΟΣΘΕΤΗ ΑΝΑΓΡΑΦΗ--ΦΥΣΙΚΟ ΠΡΟΣΩΠΟ
Personal name Λιανός Πάρης
9 (RLIN) 9190
942 ## - ADDED ENTRY ELEMENTS (KOHA)
Koha item type Διπλωματική εργασία
Holdings
Τύπος τεκμηρίου Βιβλιοθήκη Τρέχουσα τοποθεσία Barcode Ημερομηνία απόκτησης Ταξιθετικό σύμβολο Αριθμός αντιτύπου Κατάσταση απόσυρσης Κατάσταση χαμένου Κατάσταση κατεστραμμένου Μη δανεισμός Σύνολο δανεισμών Ημερομηνία τελευταίας εμφάνισης Η τιμή ισχύει από
Διπλωματική εργασία MC Athens Campus Library MC Athens Campus Library 9780000085993 05/06/2025 BUS 2015 (19) 1           05/06/2025 05/06/2025

MC Athens Campus Library
Πατησίων 94 & Κοδριγκτώνος 13, 104 34
Πελλήνης 8 & Πατησίων 107, 112 51
Τ: +30 210 8899600

MC Thessaloniki Campus Library
Ίωνος Δραγούμη 21, 54625 | Ίωνος Δραγούμη 15, 54625
Τ: +30 2310 287779 – Τ: +30 2314 440300